| 000 | 01295nam a22003497a 4500 | ||
|---|---|---|---|
| 003 | CHAP | ||
| 005 | 20220329143223.0 | ||
| 008 | 070331d2006 mx abd r 00110 spa d | ||
| 010 | _a93478 | ||
| 011 | _a94450 | ||
| 035 | _a105040 | ||
| 040 | _cCHAP | ||
| 090 | _aTesis | ||
| 100 | 1 |
_aSánchez Salgado, Gabriel. _9107833 |
|
| 245 | 1 | 0 |
_aIncidencia de tuberculosis en el hato de bovinos lecheros Holstein Friesian del CSAEGro _c/por Gabriel Sánchez Salgado |
| 260 |
_aCocula, Gro. : _bEl autor, _c2006 |
||
| 300 |
_a63 h. : _bilus. ; gráfs. ; mapas ; cuad. |
||
| 502 | _aTesis (Ing. Agr. Zootecnista) -- Colegio Superior Agropecuario del Estado de Guerrero. Centro de Estudios Profesionales | ||
| 590 |
_aALEPH _b10 _c20130110 _lUCH01 _h1517 |
||
| 590 |
_aBATCH-UPD _b10 _c20130110 _lUCH01 _h1658 |
||
| 590 |
_aBATCH-UPD _b10 _c20130410 _lUCH01 _h1047 |
||
| 590 |
_aBATCH-UPD _b10 _c20130914 _lUCH01 _h1518 |
||
| 590 |
_aCONVERSION _b10 _c20130109 _lUCH01 _h1352 |
||
| 650 | 1 | 4 |
_aGanado lechero. _945237 |
| 650 | 1 | 4 |
_aGanado lechero _xGuerrero. _945269 |
| 650 | 1 | 4 |
_aGanado vacuno _xGuerrero. _945472 |
| 650 | 1 | 4 |
_aTuberculosis en ganado. _9115475 |
| 901 | _aBK | ||
| 905 | _aMarco A. Mendoza T. | ||
| 942 | _cTESIS | ||
| 949 |
_aTesis _bBC _cTES _d33724002024652 _eTS1 _gDonaciØn _h46709 _i105040 _sb |
||
| 999 |
_c93478 _d93478 |
||